|
|
|
|
| LEADER |
00935nam a2200241 a 4500 |
| 001 |
4393093 |
| 008 |
091026s2005 bg l 001 0 eng d |
| 010 |
|
|
|a 91931173
|
| 040 |
|
|
|a DLC
|c DLC
|
| 082 |
0 |
0 |
|a 346.549104/38
|a 345.49106438
|2 20
|
| 240 |
1 |
0 |
|a Registration Act, 1908
|
| 245 |
1 |
4 |
|a The Registration Act (XVI of 1908)
|
| 250 |
|
|
|a 3rd ed.
|
| 260 |
|
|
|d haka :
|b Dhaka Law reports,
|c 2005.
|
| 300 |
|
|
|a xii, 396 p. ;
|c 25 cm.
|
| 504 |
|
|
|a Includes bibliographical references and index.
|
| 541 |
1 |
|
|e 00014707
|
| 650 |
|
0 |
|a Recording and registration
|z Pakistan.
|
| 650 |
|
0 |
|a Land titles
|x Registration and transfer
|z Pakistan.
|
| 710 |
2 |
|
|a Dhaka Law reports
|
| 852 |
4 |
|
|a Ayesha Abed Library
|j General Shelf
|
| 999 |
|
|
|c 5376
|d 5376
|
| 952 |
|
|
|0 0
|1 0
|2 ddc
|4 0
|6 346_549104380000000_REG_2005
|7 0
|9 5237
|a BRACUL
|b BRACUL
|c GEN
|d 2009-11-10
|g 350.00
|l 35
|m 243
|o 346.54910438 REG
|p 3010014707
|q 2026-06-02
|r 2026-02-01
|s 2026-02-01
|t 1
|v 700.00
|w 2009-11-10
|y BK
|